000 02200cam a2200217 4500500
005 20260412000345.0
041 _afre
042 _adc
100 1 0 _aCasassus, Philippe
_eauthor
245 0 0 _aCommuniquer avec son patient à propos de la vérité scientifique
260 _c2026.
500 _a39
520 _aLes patients atteints de cancer présentent un risque élevé d’infections graves lié à l’immunodépression induite par la maladie et les traitements. Malgré une réponse immunitaire parfois atténuée, la vaccination réduit la morbidité, les hospitalisations et les interruptions thérapeutiques, mais les couvertures vaccinales restent insuffisantes. Ces lacunes s’expliquent par un manque d’information, la complexité des recommandations et une coordination insuffisante entre soins hospitaliers et soins primaires. L’élargissement des compétences vaccinales aux professionnels de proximité, associé à des entretiens structurés, des formations et le partage d’outils numériques, constitue un levier essentiel pour renforcer durablement la prévention vaccinale chez ces patients.
520 _aPatients with cancer are at high risk of severe infections due to disease- and treatment-related immunosuppression. Despite sometimes attenuated immune responses, vaccination reduces morbidity, hospitalisations, and treatment interruptions. However, vaccine coverage remains insufficient. These gaps are explained by a lack of information, the complexity of recommendations, and inadequate coordination between hospital-based and primary care services. Expanding vaccination competencies among community-based healthcare professionals, combined with structured vaccination consultations, targeted training, and shared digital tools, represents a key lever to sustainably strengthening vaccine prevention in this population.
690 _adécision médicale partagée
690 _afausses informations
690 _ahealth misinformation
690 _ashared medical decision-making
786 0 _nMédecine | 22 | 1 | 2026-04-09 | p. 4-5 | 1777-2044
856 4 1 _uhttps://stm.cairn.info/revue-medecine-2026-1-page-4?lang=fr&redirect-ssocas=7080
999 _c2209674
_d2209674